LEADER 01059nam0 2200301 4500 001 000028345 005 20110913131414.0 010 $a88-317-9055-2 100 $a20110913d2006----km-y0itay50------ba 101 0 $aita 102 $aIT 105 $ay-------001yy 200 1 $a<>sviluppo economico moderno$edalla rivoluzione industriale alla crisi energetica$fa cura di Pier Angelo Toninelli 210 $aVenezia$cMarsilio$d2006 215 $a698 p.$d19 cm 225 2 $aTascabili Marsilio. Saggi 300 $aSegue: Appendice statistica, a cura di P. A. Toninelli. 410 0$12001$aTascabili Marsilio. Saggi 451 0$1001000024497 500 10$a<>sviluppo economico moderno$958471 610 1 $aSviluppo economico$aSec. 18.-20. 676 $a338.9009$v21$9Sviluppo economico. Storia, geografia, persone 702 1$aToninelli,$bPier Angelo 801 0$aIT$bUNIPARTHENOPE$c20110913$gRICA$2UNIMARC 912 $a000028345 951 $a338-S/43$b43139$cNAVA1$d2011 996 $aSviluppo economico moderno$958471 997 $aUNIPARTHENOPE LEADER 02566nam2 2200361 i 450 001 VAN0077411 005 20221206114125.915 012 $2fei$aa-te isut t.i- sise (3) 1562 (R)$5VAN 100 $a20100616d1562 |0itac50 ba 101 $alat 102 $aIT 140 $a||||||||| ||||||||| 200 1 $aˆ[3]: Galeni ‰omnium operum secunda classis. Hac secunda classe contineri voluimus ea, quae ad sanitatem, morbumque, et item ad eorum causas, et signa pertinent. ... Cum privilegiis 210 $aVenetiis$capud Vincentium Valgrisium$d1562$eVenetiis$capud Vincentium Valgrisium) 215 $a91, [1] carte 300 $aSegnatura: A-L? M?. - A carta M3v registro; a carta M4v colophon. 461 1$1001VAN0077407$12001 $aˆGaleni ‰Omnia, quae extant singulari studio, summaque diligentia Io. Baptistae Rasarii emendata, nouo ordine, cuius etiam attulimus rationem, disposita, librorum nuper inuentorum accessione aucta, & magna ex parte in Latinam linguam conuersa. ... Cum privilegiis$1210 $aVenetijs$capud Vincentium Valgrisium$d1562$1215 $a10 volumi$cill.$d2°$1300 $aRif.: EDIT16 CNCE 20195. - Il frontespizio generale fa parte di [12] carte preliminari segnate * contenenti una prefazione del curatore Giovanni Battista Rasario, il piano dell'edizione dell'opera e i privilegi del re di Francia e del Senato veneto. - Corsivo, greco, romano; iniziali xilografiche.$v[3] 620 $dVenezia$3VANL000080 700 1$aGalenus$bClaudius$3VANV060011$0198761 702 1$aRasario$bGiovanni Battista$f1517-1578$3VANV065876 712 02$aValgrisi, Vincenzo$3VANV065867 790 0$aGaleno$zGalenus, Claudius$3VANV021334 790 0$aGalien de Pergame$zGalenus, Claudius$3VANV060025 790 0$aGalenus$zGalenus, Claudius$3VANV060026 791 02$aOfficina Erasmiana$zValgrisi, Vincenzo$3VANV065868 791 02$aOfficina Valgrisiana$zValgrisi, Vincenzo$3VANV065869 801 $aIT$bSOL$c20221209$gRICA 856 4 $u/sebina/repository/catalogazione/documenti/BL.500.36.3_ok.pdf$zBL.500.36.3_ok.pdf 899 $aBIBLIOTECA DEL DIPARTIMENTO DI GIURISPRUDENZA$1IT-CE0105$2VAN00 912 $aVAN0077411 950 $aBIBLIOTECA DEL DIPARTIMENTO DI GIURISPRUDENZA$d00ANTICO BL.500.36 3 $e00BL 5331 20100910 Legato con tetia classis. - Biblioteca Lauria. 996 $aOmnium operum secunda classis. Hac secunda classe contineri voluimus ea, quae ad sanitatem, morbumque, et item ad eorum causas, et signa pertinent. ... Cum privilegiis$91547630 997 $aUNISOB